| 000 | 01057cab a22002175a 4500 | ||
|---|---|---|---|
| 001 | L145414 | ||
| 008 | 081006e20080918xxka f 000 0 eng d | ||
| 035 | _a(Sirsi) u145414 | ||
| 041 | 0 | _aeng | |
| 100 | 1 | _aDurcan, Kate | |
| 245 | 0 | 4 | _aThe go-between |
| 260 | _c2008 | ||
| 490 |
_aLaw Society's Gazette _v18 September 2008, 18-19 (2) |
||
| 520 | _aPresents mediation as a fast and cost effective way to resolve disputes. Explores the possibilities of training leading to the career of mediator. Reports that lawyers do not generally feel the need to train as mediators as they consider themselves competent enough in negotiation. Show the advantages and disadvantages of a career as mediator for a lawyer. | ||
| 590 | _aKA | ||
| 650 | 2 | 4 | _aALTERNATIVE DISPUTE RESOLUTION |
| 651 | 4 |
_aUnited Kingdom _y |
|
| 690 | _aMANAGEMENT-DISPUTE AVOIDANCE, MANAGEMENT AND RESOLUTION-DISPUTE MANAGEMENT AND RESOLUTION-ALTERNATIVE DISPUTE RESOLUTION-ASSISTED NEGOTIATION-MEDIATION | ||
| 690 | _aCAREERS, EDUCATION AND TRAINING-QUALIFICATION ROUTES | ||
| 942 | _n0 | ||
| 999 |
_c80800 _d80800 |
||